Tìm hiểu từ ngữ truyện Kiều

Shranjeno v:
Bibliografske podrobnosti
Glavni avtor: Lê Xuân Lít
Format: Knjiga
Jezik:Undetermined
Izdano: Hà Nội Giáo dục 2003
Oznake: Označite
Brez oznak, prvi označite!
Thư viện lưu trữ: Trung tâm Học liệu Trường Đại học Cần Thơ
LEADER 00386nam a2200133Ia 4500
001 CTU_64379
008 210402s9999 xx 000 0 und d
020 |b 130000 
100 |a Lê Xuân Lít 
245 0 |a Tìm hiểu từ ngữ truyện Kiều 
260 |a Hà Nội 
260 |b Giáo dục 
260 |c 2003 
980 |a Trung tâm Học liệu Trường Đại học Cần Thơ